000 01822cam a2200313 i 4500
001 64063
003 Mx-PuUPA
005 20240125151155.0
008 160329s1979 mx ah gr 000 0 spa d
040 _aMx-PuUPA
_bspa
_cMx-PuUPA
_dMx-PuUPA
_erda
041 0 _aspa
100 1 _aBecerra Tanco, Luis,
_d1602-1672,
_eautor
_91617
245 1 0 _aFelicidad de Mexico :
_ben el principio, y milagroso origen, que tubo el Santuario de la Virgen María N. Señora de Gvadalvpe. Extramuros : En la apparicion admirable de efta Soberana Señora, y de fu prodigiofa imagen /
_csacada a luz y añadida por el bachiller Lvis Bezerra Tanco.
246 3 3 _aEn el principio, y milagroso origen, que tuvo el Santuario de la Virgen María N. Señora de Guadalupe. Extramuros : En la aparición admirable de esta Soberana Señora, y de su prodigiosa imagen
250 _aTercera edición /
_bFacsimilar
250 _aPrimera edición /
_bEditorial Jus
264 1 _aMéxico, D.F. :
_bEditorial Jus,
_c1979
300 _a1 volumen (paginación varía) :
_bilustraciones ;
_c25 cm
336 _atexto
_2rdacontent
_btxt
337 _asin medio
_2rdamedia
_bn
338 _avolumen
_2rdacarrier
_bnc
500 _a"Qve la dedica, al ilustrissimo, y excellentissimo señor M.D. Fr. Payo Enriqves de Ribera, Arcobispo de Mexico, del Consejo de su majestad, Virrey, Governador, y Capitan General de esta Nueva España, y Presidente de la Real Audiencia de ella, con licencia. En Mexico, por la viuda de Bernardo Calderon Año de 1675". -- Cubierta.
600 0 4 _aVirgen de Guadalupe
_xApariciones y milagros
_xHistoria
700 1 _aGama, Antonio de,
_eimpresor
942 _2ddc
_cLI
_h232.917
_iB574
999 _c64063
_d64063